| 000 | 00346nam a2200157Ia 4500 | ||
|---|---|---|---|
| 008 | 160316s1978 xxu||||| |||| 00| 0 eng d | ||
| 082 |
_a342.085000 _bCOU |
||
| 100 | _a | ||
| 245 | _aCountry reports on human rights practices | ||
| 250 | _a | ||
| 260 |
_aWashington _b _c1978 |
||
| 300 |
_a426p _b _c |
||
| 365 | _b | ||
| 650 | _a | ||
| 700 |
_a _a |
||
| 999 |
_c9931 _d9931 |
||